000 00386nam a22001457a 4500
005 20260213155243.0
008 260213b |||||||| |||| 00| 0 eng d
020 _a978-93-5538218-4
100 _aD. Chandra Mouli & B Swathi
245 _aComputer Aided Civil Engineering Drawing
260 _aNew Delhi
_bKhanna Book Pun
_c2025
300 _a156
650 _aCivil
942 _2ddc
_cBK
999 _c21983
_d21983